[Event "GRE-ch U14"]
[Site "Peristeri"]
[Date "2023.07.09"]
[Round "9"]
[White "Gkogkas, Panteleimon"]
[Black "Benardis, Georgios"]
[Result "1-0"]
[WhiteElo "1339"]
[BlackElo "1009"]
[PlyCount "95"]
[EventDate "2023.07.03"]
[EventType "swiss"]
[EventRounds "9"]
[EventCountry "GRE"]
[SourceTitle "EXT 2024"]
[Source "ChessBase"]
[SourceDate "2023.10.10"]
[SourceVersion "1"]
[SourceVersionDate "2023.10.10"]
[SourceQuality "1"]

1. e4 c6 2. d4 d5 3. exd5 cxd5 4. Bd3 Nc6 5. c3 Nf6 6. h3 e5 7. dxe5 Nxe5 8. Qe2 Qe7 9. Bb5+ Nc6 10. Be3 Bd7 11. Nf3 g6 12. 0-0 Bg7 13. Re1 0-0 14. Nbd2 Rfe8 15. Qd1 Qd8 16. Bxc6 bxc6 17. Bd4 Bf5 18. Bxf6 Qxf6 19. Nd4 Rab8 20. Nxf5 Qxf5 21. Nb3 Rxe1+ 22. Qxe1 Qe5 23. Qxe5 Bxe5 24. Re1 Bd6 25. Re2 Kg7 26. Kf1 Kf6 27. Ke1 Rb6 28. Kd1 Be5 29. Nc5 Kf5 30. Nd7 f6 31. Nxb6 axb6 32. Kd2 c5 33. b4 cxb4 34. cxb4 g5 35. Kd3 b5 36. Rc2 Bd6 37. a3 Ke6 38. Rc6 Kd7 39. Rb6 Kc7 40. Rxb5 Kc6 41. Ra5 Be5 42. Rc5+ Kd6 43. Rc2 Ke6 44. g4 Bd6 45. Rc6 Kd7 46. Rxd6+ Kxd6 47. Kd4 Kc6 48. a4 1-0

[Event "GRE-chT 49th"]
[Site "Thessaloniki"]
[Date "2022.08.16"]
[Round "6.10"]
[White "Moustakas, Vasileios D"]
[Black "Benardis, Georgios"]
[Result "0-1"]
[WhiteElo "1065"]
[BlackElo "1002"]
[PlyCount "124"]
[EventDate "2022.08.12"]
[EventType "team-swiss"]
[EventRounds "7"]
[EventCountry "GRE"]
[SourceTitle "CBM 209 Extra"]
[Source "ChessBase"]
[SourceDate "2022.09.30"]
[SourceVersion "1"]
[SourceVersionDate "2022.09.30"]
[SourceQuality "1"]
[WhiteTeam "Poleyeroe Aso"]
[BlackTeam "Zeenon Glyfathas"]
[WhiteTeamCountry "GRE"]
[BlackTeamCountry "GRE"]

1. d4 d5 2. c4 e6 3. Nc3 Nf6 4. cxd5 exd5 5. Bg5 Be7 6. e3 Nc6 7. Bd3 h6 8. Bh4 Be6 9. Nge2 0-0 10. 0-0 Qd7 11. a3 Rfe8 12. Qc2 Nh5 13. Bxe7 Qxe7 14. Rfb1 Qg5 15. Ng3 Nxg3 16. hxg3 Rad8 17. Ne2 Re7 18. Nf4 Bc8 19. b4 Rd6 20. a4 a5 21. bxa5 Nxa5 22. Qc3 b6 23. Qc2 Rc6 24. Qd2 Bf5 25. Bxf5 Qxf5 26. Qd3 Qxd3 27. Nxd3 g5 28. Rc1 Rxc1+ 29. Rxc1 f6 30. Kf1 c6 31. Nb4 Kf8 32. Nxc6 Rc7 33. Kg1 Rxc6 34. Rxc6 Nxc6 35. Kf1 Ke7 36. Ke2 Kd7 37. Kf3 h5 38. e4 Nxd4+ 39. Ke3 Nc2+ 40. Kd3 Ne1+ 41. Kd4 dxe4 42. Kxe4 Nxg2 43. Kf5 Ke7 44. f4 Ne3+ 45. Kg6 h4 46. fxg5 fxg5 47. Kxg5 hxg3 48. Kf4 g2 49. Kxe3 g1Q+ 50. Ke4 Qa1 51. Kf4 Qxa4+ 52. Ke5 Qd1 53. Ke4 b5 54. Kf5 b4 55. Ke4 b3 56. Ke5 b2 57. Ke4 b1Q+ 58. Ke3 Qb2 59. Ke4 Qbe2+ 60. Kf4 Qdf1+ 61. Kg3 Qeg2+ 62. Kh4 Qfh1# 0-1